|
|
|
|
| LEADER |
00000nab a2200000 a 4500 |
| 001 |
vtls000867246 |
| 003 |
SK-MaSNL |
| 005 |
20260318122406.0 |
| 008 |
160314c2004 xo 0 hun |
| 015 |
|
|
|a SNBRB2004/03-10158
|
| 035 |
|
|
|a CLN000218798
|
| 040 |
|
|
|a SNKBUCL
|b slo
|c SNKBUCL
|e AACR2
|
| 041 |
0 |
|
|a slo
|
| 044 |
|
|
|a xo
|c SK
|
| 080 |
|
|
|a 82:929:821.511.141 (437.6)
|2 UDC-MRF-SK2
|
| 080 |
|
|
|a 821.511.141 (437.6):929
|2 UDC-MRF-SK2
|
| 080 |
|
|
|a 929 Zalabai, Zsigmond
|2 UDC-MRF-SK2
|
| 100 |
1 |
|
|a Szeberényi, Zoltán,
|d 1930-
|4 aut
|9 108103
|
| 245 |
1 |
0 |
|a Koszorú helyett
|b tisztelgés Zalabai Zsigmond emléke előtt
|c Szeberényi Zoltán
|
| 600 |
1 |
7 |
|a Zalabai, Zsigmond,
|d 1948-2003
|2 snkbucl
|9 110939
|
| 773 |
0 |
|
|t Irodalmi szemle
|g Roč. 47, č. 2 (2004), s. 46-51
|
| 850 |
|
|
|a Slovenská národná knižnica v Martine
|
| 852 |
|
|
|a SNK
|b KIS3GCP
|
| 958 |
|
|
|a HU
|
| 958 |
|
|
|a LX
|
| 958 |
|
|
|a SK
|
| 958 |
|
|
|a BX
|
| 958 |
|
|
|a RBX
|
| 999 |
|
|
|c 3208570
|d 3210500
|